[Event "Montigny le Bretonneux Noel op 10th"]
[Site "Montigny le Bretonneux"]
[Date "2007.12.29"]
[Round "5"]
[White "Meunier, Dominique"]
[Black "Lortat Jacob, Bertrand"]
[Result "0-1"]
[WhiteElo "1010"]
[BlackElo "1680"]
[PlyCount "28"]
[EventDate "2007.12.26"]
[EventType "swiss"]
[EventRounds "7"]
[EventCountry "FRA"]
[SourceTitle "CBM 122 Extra"]
[Source "ChessBase"]
[SourceDate "2008.03.04"]
[SourceVersion "1"]
[SourceVersionDate "2008.03.04"]
[SourceQuality "1"]

1. e4 d5 2. exd5 Nf6 3. Nc3 Nxd5 4. Nxd5 Qxd5 5. Nf3 Bg4 6. Be2 Nc6 7. 0-0 0-0-0 8. b3 h5 9. c4 Qf5 10. d4 Bxf3 11. Bxf3 Nxd4 12. Bxh5 Rxh5 13. Bb2 Qe5 14. Bxd4 Qxh2# 0-1

[Event "Montigny le Bretonneux Noel op 10th"]
[Site "Montigny le Bretonneux"]
[Date "2007.12.28"]
[Round "4"]
[White "Branson, James"]
[Black "Meunier, Dominique"]
[Result "1-0"]
[WhiteElo "1819"]
[BlackElo "1010"]
[PlyCount "27"]
[EventDate "2007.12.26"]
[EventType "swiss"]
[EventRounds "7"]
[EventCountry "FRA"]
[SourceTitle "CBM 122 Extra"]
[Source "ChessBase"]
[SourceDate "2008.03.04"]
[SourceVersion "1"]
[SourceVersionDate "2008.03.04"]
[SourceQuality "1"]

1. e4 e5 2. f4 exf4 3. Nf3 Nc6 4. d4 Bd6 5. e5 Bb4+ 6. c3 Ba5 7. Bxf4 d6 8. Bc4 Nge7 9. Ng5 0-0 10. Qh5 h6 11. Nxf7 Qe8 12. Nxh6+ Kh7 13. Nf7+ Kg8 14. Qh8# 1-0

[Event "Montigny le Bretonneux Noel op 10th"]
[Site "Montigny le Bretonneux"]
[Date "2007.12.26"]
[Round "1"]
[White "Plantive, Bertrand"]
[Black "Meunier, Dominique"]
[Result "1-0"]
[WhiteElo "1851"]
[BlackElo "1010"]
[PlyCount "43"]
[EventDate "2007.12.26"]
[EventType "swiss"]
[EventRounds "7"]
[EventCountry "FRA"]
[SourceTitle "CBM 122 Extra"]
[Source "ChessBase"]
[SourceDate "2008.03.04"]
[SourceVersion "1"]
[SourceVersionDate "2008.03.04"]
[SourceQuality "1"]

1. e4 e5 2. Nf3 Nc6 3. d4 Bb4+ 4. c3 Be7 5. d5 Na5 6. Nxe5 Bf6 7. Nf3 Ne7 8. e5 Bxe5 9. Nxe5 Nxd5 10. Qxd5 0-0 11. Be3 c6 12. Qf3 Qe8 13. Qg3 d6 14. Nf3 Nc4 15. Bxc4 d5 16. Bd3 b6 17. 0-0 c5 18. Bxh7+ Kh8 19. Qh4 Qd8 20. Ng5 f6 21. Bg6+ Kg8 22. Qh7# 1-0

[Event "Provence-ch access Vitrolles 9697"]
[Site "France"]
[Date "1997.??.??"]
[Round "5"]
[White "Meunier, Dominique"]
[Black "Vivian, J."]
[Result "1-0"]
[WhiteElo "1770"]
[BlackElo "1620"]
[PlyCount "75"]
[EventDate "1996.??.??"]
[EventType "tourn"]
[EventRounds "7"]
[EventCountry "FRA"]
[SourceTitle "EXT 2005"]
[Source "ChessBase"]
[SourceDate "2004.11.15"]
[SourceVersion "1"]
[SourceVersionDate "2004.11.15"]
[SourceQuality "1"]

1. e4 c5 2. Nf3 d6 3. c3 Nf6 4. Be2 e6 5. 0-0 Be7 6. Re1 0-0 7. Bf1 b6 8. d4 Bb7 9. Bd3 Nbd7 10. Bf4 Re8 11. Nbd2 Nf8 12. h3 a6 13. Qe2 b5 14. e5 dxe5 15. dxe5 N6d7 16. Rad1 Qc7 17. Bg3 c4 18. Bc2 Nc5 19. Nd4 Bd5 20. Qg4 Qb7 21. N2f3 Nd3 22. Bxd3 cxd3 23. Rxd3 b4 24. c4 Bxc4 25. Nf5 exf5 26. Qxc4 Rac8 27. Qb3 Rc6 28. Nd4 Rg6 29. Nxf5 h5 30. Nxe7+ Rxe7 31. Rd4 a5 32. Qd5 Qb6 33. Qd8 Qa7 34. Rc1 Rge6 35. Rd6 Re8 36. Rc7 Qb8 37. Qxb8 Rxb8 38. Ra7 1-0

[Event "Provence-ch access Vitrolles 9697"]
[Site "France"]
[Date "1996.??.??"]
[Round "2"]
[White "Jouanny, Sebastien"]
[Black "Meunier, Dominique"]
[Result "0-1"]
[WhiteElo "1640"]
[BlackElo "1770"]
[PlyCount "82"]
[EventDate "1996.??.??"]
[EventType "tourn"]
[EventRounds "7"]
[EventCountry "FRA"]
[SourceTitle "EXT 2005"]
[Source "ChessBase"]
[SourceDate "2004.11.15"]
[SourceVersion "1"]
[SourceVersionDate "2004.11.15"]
[SourceQuality "1"]

1. e4 c5 2. d4 cxd4 3. c3 d5 4. exd5 Qxd5 5. cxd4 Nc6 6. Nf3 Bg4 7. Be2 e6 8. Nc3 Qd7 9. 0-0 Rd8 10. Be3 Nf6 11. h3 Bh5 12. Ne5 Nxe5 13. Bxh5 Ng6 14. Be2 a6 15. Rc1 Bd6 16. Qa4 0-0 17. Qxd7 Rxd7 18. Bd3 Nf4 19. Bc4 b5 20. Nxb5 axb5 21. Bxb5 Rb7 22. a4 Rxb5 23. axb5 Ne2+ 24. Kh1 Nxc1 25. Rxc1 Rb8 26. Rc6 Be7 27. Bf4 Rxb5 28. Rc8+ Bf8 29. Bd6 Nd7 30. Rd8 Rb7 31. b4 g6 32. Bc5 Kg7 33. Ra8 Nxc5 34. bxc5 Be7 35. Ra2 Bf6 36. Rd2 Rd7 37. c6 Rc7 38. d5 exd5 39. Rxd5 Rxc6 40. Rd1 Be5 41. f3 Kf6 0-1

[Event "Provence-ch prom Vitrolles 9596"]
[Site "France"]
[Date "1995.??.??"]
[Round "8"]
[White "Thiers, Jean Jacques"]
[Black "Meunier, Dominique"]
[Result "0-1"]
[WhiteElo "1740"]
[BlackElo "1670"]
[PlyCount "44"]
[EventDate "1995.??.??"]
[EventType "tourn"]
[EventRounds "9"]
[EventCountry "FRA"]
[SourceTitle "EXT 2005"]
[Source "ChessBase"]
[SourceDate "2004.11.15"]
[SourceVersion "1"]
[SourceVersionDate "2004.11.15"]
[SourceQuality "1"]

1. e4 c5 2. Nf3 g6 3. d4 Bg7 4. Be3 Nc6 5. c3 Qb6 6. Qd2 d6 7. Na3 cxd4 8. Nxd4 Qd8 9. 0-0-0 Nf6 10. f3 0-0 11. Nxc6 bxc6 12. e5 Nd5 13. exd6 Nxe3 14. Qxe3 exd6 15. Nc4 d5 16. Ne5 Qc7 17. Ng4 h5 18. Nf2 Qa5 19. Kb1 Rb8 20. Rc1 Be6 21. a3 Qxa3 22. Bd3 d4 0-1